Construcción y transformación de la identidad mixteca en el tianguis artesanal indígena /

שמור ב:
מידע ביבליוגרפי
מחבר ראשי: Guajardo Treviño, Eduardo Alejandro (autor)
פורמט: Tesis ספר
שפה:ספרדית
יצא לאור: Guadalajara, México : edición de autor, 2006
נושאים:
גישה מקוונת:Ver documento en línea
תגים: הוספת תג
אין תגיות, היה/י הראשונ/ה לתייג את הרשומה!

MARC

LEADER 00000nam^a2200000^a^4500
001 000630278
005 20260408000000.0
009 20260409133042.676
037 |a Acervo Xavier Clavigero 
041 |a ESP 
090 |a MFS. 54 
100 |a Guajardo Treviño, Eduardo Alejandro  |e (autor) 
245 1 0 |a Construcción y transformación de la identidad mixteca en el tianguis artesanal indígena /  |c E.A. Guajarro Treviño. 
264 1 |a Guadalajara, México :  |b edición de autor,  |c 2006 
300 |a 1 tesis electrónica en línea (270 p.) 
300 |a 1 recurso en línea 
336 |a datos para computadora  |b cod  |2 rdacontenido 
337 |a computadora  |b c  |2 rdamedio 
338 |a recurso en línea  |b cr  |2 rdasoporte 
502 |a ITESO Tesis de Maestría en Filosofía Social 
649 |a XX 
650 |a Mixtecas -  |x Condiciones Sociales y Culturales -  |x Tema Principal 
650 |a Identidad Cultural -  |z Guadalajara, Jalisco 
650 |a Inmigración -  |z Guadalajara, Jalisco 
650 |a Migración Rural-Urbana -  |z Guadalajara, Jalisco 
650 |a Tianguis -  |z Guadalajara, Jalisco -  |x Tema Principal 
650 |a Identidad Cultural -  |z Guadalajara, Jalisco -  |x Tema Principal 
650 |a Identidad Cultural -  |z México 
650 |a Prácticas Culturales -  |z Guadalajara, Jalisco 
650 |a Prácticas Culturales -  |z México 
650 |a Antropología Cultural 
650 |a Sociología de la Cultura 
856 4 0 |u https://hdl.handle.net/11117/11974  |y Ver documento en línea 
910 |a Fondo General 
920 |a Electrónicos - Tesis del ITESO en Línea 
930 |a Repositorio Institucional 
905 |a 201 
901 |a 630278-1  |b IT2  |c ETI  |u 20260408 
902 |a https://opac.biblio.iteso.mx/vufind/Record/000630278